| 000 | 00366nam a2200133 a 4500 | ||
|---|---|---|---|
| 005 | 20140513081053.0 | ||
| 008 | 090910s19uu xx 00 eng d | ||
| 050 |
_aKit _bLEA 1982 |
||
| 245 |
_aLearning about Manners : _bWhat do you say it?. |
||
| 260 |
_aU.S.A : _bSuperscope Inc, _c1982. |
||
| 440 | _aTele story presents | ||
| 650 | _aGood manners | ||
| 999 |
_c116405 _d116405 |
||